[Event "Colmenarejo Spring op 24th"]
[Site "Colmenarejo"]
[Date "2018.06.10"]
[Round "5"]
[White "Bahillo Vallejo, Ignacio"]
[Black "Perez de Villar Munoz, Eusebio"]
[Result "0-1"]
[WhiteElo "1311"]
[BlackElo "1967"]
[PlyCount "90"]
[EventDate "2018.05.13"]
[EventType "swiss"]
[EventRounds "7"]
[EventCountry "ESP"]
[SourceTitle "EXT 2019"]
[Source "ChessBase"]
[SourceDate "2018.10.10"]
[SourceVersion "1"]
[SourceVersionDate "2018.10.10"]
[SourceQuality "1"]

1. b3 e5 2. Bb2 d6 3. c4 Nf6 4. g3 Be7 5. Bg2 0-0 6. e3 Nc6 7. a3 Be6 8. Nc3 d5 9. cxd5 Nxd5 10. Nge2 Qd7 11. 0-0 Rad8 12. d4 exd4 13. Nxd5 Bxd5 14. Nxd4 Bxg2 15. Kxg2 Bf6 16. Rc1 Nxd4 17. Bxd4 Bxd4 18. Qxd4 Qxd4 19. exd4 c6 20. Rfd1 Rfe8 21. Rc3 Kf8 22. Re3 Re7 23. Rde1 Red7 24. a4 Rxd4 25. Re7 R4d7 26. R7e4 g6 27. R1e3 Rd3 28. Rxd3 Rxd3 29. Re3 Rxe3 30. fxe3 Ke7 31. Kf3 Kd6 32. Ke4 Ke6 33. b4 b6 34. Kd4 Kd6 35. b5 c5+ 36. Ke4 f5+ 37. Kf4 Kd5 38. Kg5 c4 39. Kh6 c3 40. Kxh7 c2 41. Kxg6 Ke5 42. h4 c1Q 43. h5 Qxe3 44. h6 Qxg3+ 45. Kf7 Qh4 0-1

[Event "Collado Villalba op-A 32nd"]
[Site "Collado Villalba"]
[Date "2015.08.28"]
[Round "7"]
[White "Perez de Villar Munoz, Eusebio"]
[Black "Garcia Paolicchi, Raul"]
[Result "0-1"]
[WhiteElo "1970"]
[BlackElo "2148"]
[PlyCount "120"]
[EventDate "2015.08.22"]
[EventType "swiss"]
[EventRounds "9"]
[EventCountry "ESP"]
[SourceTitle "EXT 2016"]
[Source "ChessBase"]
[SourceDate "2015.10.08"]
[SourceVersion "1"]
[SourceVersionDate "2015.10.08"]
[SourceQuality "1"]

1. e4 c5 2. Nf3 e6 3. c4 a6 4. a3 b6 5. d4 cxd4 6. Nxd4 d6 7. Nc3 Bb7 8. Be2 Nf6 9. f3 Be7 10. Be3 0-0 11. 0-0 Nbd7 12. Rc1 Rc8 13. b4 Ne5 14. Na4 Qc7 15. Nb3 Ned7 16. Qd4 Bd8 17. Rfd1 Qb8 18. b5 a5 19. Nd2 Bc7 20. Nf1 Rfe8 21. Qd2 Nc5 22. Qc2 Nxa4 23. Qxa4 Nd7 24. Qc2 Nc5 25. g3 h5 26. Bxc5 dxc5 27. f4 h4 28. Nd2 hxg3 29. hxg3 Qa8 30. Kf2 Rcd8 31. Bf3 Rd7 32. e5 Rxd2+ 33. Rxd2 Bxf3 34. Rd7 Rc8 35. Qd3 Be4 36. Qd2 Bh1 37. Rg1 Bf3 38. Qe3 Bg4 39. Qd3 Rd8 40. Rxd8+ Qxd8 41. Qxd8+ Bxd8 42. Ke3 f6 43. exf6 gxf6 44. Rg2 Kf7 45. Rh2 Bf5 46. Rh8 Ke7 47. Rg8 e5 48. fxe5 fxe5 49. g4 Be6 50. Rg7+ Kf6 51. Rh7 Bxc4 52. Rd7 Be7 53. Rb7 Ke6 54. Rxb6+ Kd5 55. Rb7 Bg5+ 56. Kf2 e4 57. Rd7+ Ke6 58. Rh7 Bxb5 59. Rh5 e3+ 60. Kf3 e2 0-1

[Event "Collado Villalba op-A 29th"]
[Site "Collado Villalba"]
[Date "2012.08.24"]
[Round "1"]
[White "Vazquez Igarza, Renier"]
[Black "Perez de Villar Munoz, Eusebio"]
[Result "1-0"]
[WhiteElo "2570"]
[BlackElo "2023"]
[PlyCount "55"]
[EventDate "2012.08.24"]
[EventType "swiss"]
[EventRounds "9"]
[EventCountry "ESP"]
[SourceTitle "CBM 150 Extra"]
[Source "ChessBase"]
[SourceDate "2012.10.19"]
[SourceVersion "1"]
[SourceVersionDate "2012.10.19"]
[SourceQuality "1"]

1. d4 Nf6 2. c4 e6 3. Nc3 d5 4. cxd5 exd5 5. Bg5 Be7 6. e3 h6 7. Bh4 c6 8. Qc2 Nbd7 9. Bd3 0-0 10. Nf3 Re8 11. 0-0 Nh5 12. Bxe7 Qxe7 13. Rae1 Nhf6 14. e4 dxe4 15. Nxe4 Qf8 16. Nxf6+ Nxf6 17. Bc4 Rd8 18. h3 Nd5 19. a3 Be6 20. Ba2 Qd6 21. Bb1 Nf6 22. Re3 Qf4 23. Rfe1 Rd7 24. b4 Rad8 25. Qd3 Kf8 26. Re5 Rd5 27. g3 Rxd4 28. Qe2 1-0

[Event "Galapagar op 05th"]
[Site "Galapagar"]
[Date "2004.07.25"]
[Round "2"]
[White "Solaesa Navalpotro, Luis Julio"]
[Black "Perez de Villar Munoz, Eusebio"]
[Result "1-0"]
[WhiteElo "2277"]
[BlackElo "2018"]
[PlyCount "84"]
[EventDate "2004.07.24"]
[EventType "swiss"]
[EventRounds "9"]
[EventCountry "ESP"]
[SourceTitle "CBM 101 Extra"]
[Source "ChessBase"]
[SourceDate "2004.09.01"]
[SourceVersion "2"]
[SourceVersionDate "2004.09.01"]
[SourceQuality "1"]

1. d4 d5 2. c4 c6 3. Nc3 Nf6 4. Nf3 e6 5. cxd5 exd5 6. Qc2 Be7 7. Bf4 h6 8. h3 Nbd7 9. e3 Nf8 10. Bd3 Ne6 11. Bh2 Bd6 12. Ne5 Bc7 13. 0-0-0 Nd7 14. f4 Bxe5 15. dxe5 Nec5 16. e4 d4 17. Ne2 Nxd3+ 18. Rxd3 c5 19. f5 Qe7 20. Nf4 Nxe5 21. Rg3 f6 22. Nd5 Qd6 23. Rxg7 Bd7 24. Kb1 0-0-0 25. Bxe5 Qxe5 26. Qxc5+ Kb8 27. Re7 Qg3 28. Qxd4 Bc6 29. Rc1 Qd6 30. Re6 Qd7 31. Rd1 Rhf8 32. Rxf6 Bxd5 33. exd5 Rg8 34. g4 h5 35. g5 Rc8 36. h4 Qc7 37. Qd3 Rgd8 38. d6 Qc5 39. a3 Rc6 40. Re6 Qf2 41. d7 Qxh4 42. Rxc6 bxc6 1-0